| 000 | 00312nam a22001217a 4500 | ||
|---|---|---|---|
| 008 | 240308b |||||||| |||| 00| 0 eng d | ||
| 020 | _a00000014157508 | ||
| 082 |
_aA-C _bMENL |
||
| 100 | 1 | 0 |
_aMendoza, Mario _eautor _9172 |
| 245 |
_aLeer es resistir _cMario Mendoza |
||
| 300 |
_a301 páginas _c24 cm |
||
| 942 | _2ddc | ||
| 999 |
_c30708 _d17092 |
||